000 00489nam a2200157 i 4500
001 65912
003 ES-MaACL
005 20230906165513.0
007 t|
008 040123s1967 sp ||||1| spa d
100 1 _aFuertes Jovellar, Antonio.
_952967
245 1 0 _aEstudio psicosomático, sanitario y social de un núcleo de población laboral /
_cAntonio Fuertes Jovellar.
260 _aZaragoza :
_b[s.n.],
_c1967.
300 _a188 p. ;
_c21 cm.
852 _aES-MaACL
_jC-32054
_bR.62771
999 _c65912
_d65912